| 000 | 00522nam a2200193 a 4500 | ||
|---|---|---|---|
| 005 | 20240911064317.0 | ||
| 008 | 991125 1977 mx 000 0 spa u | ||
| 035 | _aUPN01000043484 | ||
| 049 | _aF | ||
| 050 | 4 |
_aQ171 _bF4.6 |
|
| 100 | 1 | _aFlores Valdés, Jorge | |
| 245 | 1 | 3 |
_aEl papel de las sociedades científicas / _cJorge Flores Valdés. |
| 260 |
_aMéxico : _bUAM-Xochimilco : _c1977. |
||
| 300 | _a10 h. | ||
| 500 | _aFotocopia | ||
| 500 | _a"Conferencia" | ||
| 650 | 2 |
_aCiencia _zMéxico _98626 |
|
| 905 | _aLibro | ||
| 999 |
_c43484 _d43484 |
||